| 000 | 00856nam a2200241 a 4500 | ||
|---|---|---|---|
| 001 | 000037896 | ||
| 003 | OSt | ||
| 005 | 20260421192941.0 | ||
| 008 | 130308s19uu dr 001 0 spa d | ||
| 040 |
_aDO-SdBNP _bspa _cBNPHU |
||
| 082 |
_a658.4013 _bS714a |
||
| 100 | 1 |
_aSoriano Guzmán, Genaro, _d1948- _964341 |
|
| 245 | 1 | 0 |
_aLa auditoría interna en el proceso administrativo : _bun enfoque moderno para la empresa de hoy / _cGenaro Soriano Guzmán. |
| 260 |
_aSanto Domingo : _bCENAPEC, _c[199?]. |
||
| 300 |
_a176 p. ; _c24 cm. |
||
| 500 | _aIncluye datos biográficos del autor en la portada de la contracubierta. | ||
| 590 | _aInventariado, 2018/ YL | ||
| 650 | 0 |
_aAuditoria interna _97941 |
|
| 650 | 0 |
_aAuditoria administrativa _921627 |
|
| 650 | 0 |
_aAuditoría fiscal _964342 |
|
| 910 | _aValidado. Control de calidad EMS | ||
| 942 |
_2ddc _cLBS1 |
||
| 999 |
_c37386 _d37386 |
||